| 000 | 00418nam a22001697a 4500 | ||
|---|---|---|---|
| 999 |
_c11550 _d11550 |
||
| 003 | OSt | ||
| 008 | 220923b ||||| |||| 00| 0 eng d | ||
| 020 | _a9789351194170 | ||
| 082 | _a005.133 DTJ | ||
| 100 | _aDT EDITORIAL SERVICES | ||
| 245 | _aJava Server Programming Java EE7 (J2EE 1.7) Black Book | ||
| 250 | _aRep | ||
| 260 |
_aNew Delhi _bDreamtech _c2015 |
||
| 300 | _a1266 | ||
| 650 | _aIT | ||
| 942 |
_2ddc _cBK |
||